000 00573nam a22001697a 4500
020 _qHardcover.
082 _a670.5
100 _aKhalid, Jawad
245 _aEFFECT OF VARYING INITIAL PROCESSING TEMPERATURE ON MECHANICAL PROPERTIES OF CARBON COMPOSITE /
_cJawad Khalid.
260 _aIslamabad:
_bSMME - NUST,
_c2012.
300 _a71 p.: ill.;
_c30cm.
650 _aMS-Thesis.
_918721
700 _aDr. Liaqat Ali
_916199
856 _uhttp://10.250.8.41:8080/xmlui/handle/123456789/10350
942 _2ddc
_cTHE
999 _c529259
_d529259